Nghiên cứu thử nghiệm sản xuất chế phẩm vi sinh dạng bột từ các dòng Bacillus phân lập ở ao nuôi tôm sú thâm canh : Luận văn Tốt nghiệp Cao học. Chuyên ngành Nuôi trồng thủy sản
Đề tài đánh giá mật độ của các dòng Bacillus trong chế phẩm với tỷ lệ phối trộn chất mang khác nhau, xác định nhiệt độ sấy chế phẩm thích hợp và kiểm tra mật độ Bacillus trong sản phẩm sau khi sản xuất....
Spremljeno u:
| Glavni autor: | |
|---|---|
| Format: | Knjiga |
| Jezik: | Undetermined |
| Izdano: |
Cần Thơ
Trường Đại học Cần Thơ
2014
|
| Teme: | |
| Oznake: |
Dodaj oznaku
Bez oznaka, Budi prvi tko označuje ovaj zapis!
|
| Thư viện lưu trữ: | Trung tâm Học liệu Trường Đại học Cần Thơ |
|---|
| LEADER | 01221nam a2200217Ia 4500 | ||
|---|---|---|---|
| 001 | CTU_195525 | ||
| 008 | 210402s9999 xx 000 0 und d | ||
| 082 | |a 639.68 | ||
| 082 | |b Đ305 | ||
| 088 | |a 606270 | ||
| 100 | |a Huỳnh, Hữu Điền | ||
| 245 | 0 | |a Nghiên cứu thử nghiệm sản xuất chế phẩm vi sinh dạng bột từ các dòng Bacillus phân lập ở ao nuôi tôm sú thâm canh : | |
| 245 | 0 | |b Luận văn Tốt nghiệp Cao học. Chuyên ngành Nuôi trồng thủy sản | |
| 245 | 0 | |c Huỳnh Hữu Điền ; Trương Quốc Phú (Người hướng dẫn khoa học) | |
| 260 | |a Cần Thơ | ||
| 260 | |b Trường Đại học Cần Thơ | ||
| 260 | |c 2014 | ||
| 520 | |a Đề tài đánh giá mật độ của các dòng Bacillus trong chế phẩm với tỷ lệ phối trộn chất mang khác nhau, xác định nhiệt độ sấy chế phẩm thích hợp và kiểm tra mật độ Bacillus trong sản phẩm sau khi sản xuất. | ||
| 650 | |a Nuôi tôm,Shrimp culture | ||
| 910 | |a Hải | ||
| 980 | |a Trung tâm Học liệu Trường Đại học Cần Thơ | ||